| 000 | 01224nam0a2200349 4500 | ||
|---|---|---|---|
| 001 | RU\NLR\bibl\1377808 | ||
| 005 | 20250615192410.0 | ||
| 010 |
_a978-5-17-056829-1 _bАСТ |
||
| 010 |
_a978-5-9725-1020-7 _bАстрель-СПб _93 000 |
||
| 021 |
_aRU _b2009-28257 _91692 |
||
| 035 | _a(nilc)IZD\AST\2007\883257 | ||
| 035 | _a(NLR Aleph) 001369914 | ||
| 090 |
_a1035044 _c1035044 |
||
| 100 | _a20090209d2009 |||y0rusy50 ca | ||
| 101 | 1 |
_arus _ceng |
|
| 102 | _aRU | ||
| 105 | _ay z ||||| | ||
| 200 | 1 |
_aЧерные псы пустыни _fДжастин Аллен _g[пер. с англ.: Ю. Балаян] |
|
| 210 |
_aМосква _cАСТ _aСанкт-Петербург _cArabesque-Books _cАстрель-СПб _d2009 |
||
| 215 |
_a380, [1] с. _d21 |
||
| 686 |
_a84(7Сое)-44 _vLBC/PL _2rubbk |
||
| 686 |
_a0611 _aЗарубежная проза _2TCC-BG |
||
| 686 | _aШ6(7США)67-442{Лх1979-51} | ||
| 700 | 1 |
_aАллен _bД. _gДжастин _4070 |
|
| 801 | 0 |
_aRU _bЛИБНЕТ _c20090209 _gRCR |
|
| 801 | 1 |
_aRU _bЦУНБ Москва _c20090305 _2rusmarc |
|
| 801 | 2 |
_aRU _bNLR _c20090604 _grcr |
|
| 830 | _aCODE_OF_LIBNET\000018863 | ||
| 942 | _cBOOK | ||
| 980 | _aNB | ||